| 000 | 00982nam a2200289 i 4500 | ||
|---|---|---|---|
| 003 | EG-GICUC | ||
| 005 | 20260307082910.0 | ||
| 008 | 260225s1955 at fr|||| 001 0 eng d | ||
| 040 |
_aEG-GiCUC _beng _cEG-GiCUC _dEG-GiCUC _erda |
||
| 041 | 0 | _aeng | |
| 082 | 0 | 4 |
_221 _a341.71043 _bMC . B |
| 092 | 0 | 4 | _221 |
| 099 | _aLaw1 11 341.71043 MC . B 1955 | ||
| 100 | 1 |
_aMckenzie, R. T _eAuthor. |
|
| 245 | 0 | 4 |
_aBritish Political Parties : _bThe Distribution Of Power Within The Conservative And Labour Parties / _cR. T. Mckenzie. |
| 264 | 3 |
_aCambridge : _bWilliam Heinemann Ltd, _c1955. |
|
| 300 |
_a623 pages, _c24 cm |
||
| 336 |
_2rda content _atext |
||
| 337 |
_2rda media _aComputer |
||
| 338 |
_2rda carrier _aOnline Resource |
||
| 500 | _aIncludes bibliographical references and index. | ||
| 546 | _aText in English | ||
| 650 | 1 | 4 | _a Public international law |
| 856 | 4 | 0 | _uhttps://fll.law.cu.edu.eg/fulltext/bks/B11-08251.pdf |
| 905 | _a48 | ||
| 942 |
_2ddc _cBK _e21 _n0 |
||
| 999 |
_c64178 _d64178 |
||